00750nam a2200241Ia 4500003000400000005001700004008004100021020001500062040001800077041000800095082002200103100002300125245009400148250001200242260004700254300004700301650002500348650004000373650001500413650002600428650003300454700002100487OSt20220520143829.0210716s2004 xx 000 0 und d a0395709431 cAIMIT LIBRARY aeng a658.401223bHILC aHill, Charles W L. aStrategic management :ban integrated approach /cBy Charles W.L. Hill and Gareth R Jones a3rd ed. aU.S.A :bHoughton Mifflin Company ,c1995. axxiii ,436, C1-C547,I1-I10 ;bHBc25.6 cm. aStrategic Management aThe Nature of Competitive Advantage aStrategies aImplementing Strategy aCase in Strategic Management aJones, Gareth R.